| 000 | 00773nam a2200217 a 4500 | ||
|---|---|---|---|
| 005 | 20230927063833.0 | ||
| 008 | 011030s1982 mx r 000 0 spa d | ||
| 035 | _aUPN01000113648 | ||
| 049 | _aC | ||
| 050 | 4 |
_aPM4011 _bV6.3 |
|
| 245 | 0 | 0 |
_aVocabulario mixe de Totontepec : _bmixe-castellano castellano-mixe / _ccomp. Alvin y Louise C. Schdenhals. |
| 260 |
_aMéxico : _bILVAC, _c1982. |
||
| 300 |
_aix, 353 p. : _eil. |
||
| 440 | 0 |
_aSerie de vocabulario indígenas Mariano Silva y Aceves ; _v14 |
|
| 650 | 4 |
_aMIXE - _vDICCIONARIOS - _xESPAÑOL _927853 |
|
| 650 | 4 |
_aIndígenas de México _zOaxaca _xLenguas _917368 |
|
| 700 | 1 |
_aSchdenhals, Alvin, _ecomp. |
|
| 700 | 1 |
_aSchdenhals, Louise C., _ecomp. |
|
| 710 | 2 |
_aInstituto Lingüístico de Verano _928045 |
|
| 905 | _aLibro | ||
| 999 |
_c87556 _d87556 |
||